| LEADER | 02114nam a2200241 4500 | ||
|---|---|---|---|
| 082 | |a 759 |b L250TH | ||
| 100 | |a Lê Thanh Lộc | ||
| 245 | |a Lịch sử hội họa |c Lê Thanh Lộc | ||
| 260 | |a H. |b Văn hóa Thông tin |c 1996 | ||
| 300 | |a 399 tr. |c 19 cm. | ||
| 520 | |a v.v... | ||
| 653 | |a Hội họa | ||
| 653 | |a Lịch sử | ||
| 942 | |2 ddc |c STK0 | ||
| 999 | |c 4185 |d 4185 | ||
| 952 | |0 0 |1 0 |2 ddc |4 0 |6 759_000000000000000_L250TH |7 0 |8 700 |9 92867 |a qbu |b qbu |c D5 |d 2015-09-09 |g 45000 |o 759 L250TH |p 4641.c1 |r 0000-00-00 |w 2015-09-09 |y STK0 |0 0 |6 759_000000000000000_L250TH |0 0 |6 759_000000000000000_L250TH | ||
| 952 | |0 0 |1 0 |2 ddc |4 0 |6 759_000000000000000_L250TH |7 0 |8 700 |9 94236 |a qbu |b qbu |c D5 |d 2015-09-22 |g 45000 |o 759 L250TH |p 4641.c2 |r 2015-10-29 |w 2015-09-22 |y STK0 |0 0 |6 759_000000000000000_L250TH |0 0 |6 759_000000000000000_L250TH | ||
| 952 | |0 0 |1 0 |2 ddc |4 0 |6 759_000000000000000_L250TH |7 0 |8 700 |9 94237 |a qbu |b qbu |c D5 |d 2015-09-22 |g 45000 |o 759 L250TH |p 4641.c3 |r 2015-10-29 |w 2015-09-22 |y STK0 |0 0 |6 759_000000000000000_L250TH |0 0 |6 759_000000000000000_L250TH | ||
| 952 | |0 0 |1 0 |2 ddc |4 0 |6 759_000000000000000_L250TH |7 0 |8 700 |9 94238 |a qbu |b qbu |c D5 |d 2015-09-22 |g 45000 |l 1 |o 759 L250TH |p 4641.c4 |r 2016-09-23 |s 2016-09-12 |w 2015-09-22 |y STK0 |0 0 |6 759_000000000000000_L250TH |0 0 |6 759_000000000000000_L250TH | ||
| 952 | |0 0 |1 0 |2 ddc |4 0 |6 759_000000000000000_L250TH |7 0 |8 700 |9 94239 |a qbu |b qbu |c D5 |d 2015-09-22 |g 45000 |o 759 L250TH |p 4641.c5 |r 0000-00-00 |w 2015-09-22 |y STK0 |0 0 |6 759_000000000000000_L250TH |0 0 |6 759_000000000000000_L250TH | ||
| 952 | |0 0 |1 0 |2 ddc |4 0 |6 759_000000000000000_L250TH |7 0 |8 700 |9 94240 |a qbu |b qbu |c D5 |d 2015-09-22 |g 45000 |o 759 L250TH |p 4641.c6 |r 0000-00-00 |w 2015-09-22 |y STK0 |0 0 |6 759_000000000000000_L250TH |0 0 |6 759_000000000000000_L250TH | ||
| 952 | |0 0 |1 0 |2 ddc |4 0 |6 759_000000000000000_L250TH |7 0 |8 700 |9 94241 |a qbu |b qbu |c D5 |d 2015-09-22 |g 45000 |o 759 L250TH |p 4641.c7 |r 0000-00-00 |w 2015-09-22 |y STK0 |0 0 |6 759_000000000000000_L250TH |0 0 |6 759_000000000000000_L250TH | ||
| 952 | |0 0 |1 0 |2 ddc |4 0 |6 759_000000000000000_L250TH |7 0 |8 700 |9 94242 |a qbu |b qbu |c D5 |d 2015-09-22 |g 45000 |o 759 L250TH |p 4641.c8 |r 0000-00-00 |w 2015-09-22 |y STK0 |0 0 |6 759_000000000000000_L250TH |0 0 |6 759_000000000000000_L250TH | ||